[Event "DEM U8 2024"]
[Site "Willingen GER"]
[Date "2024.05.22"]
[Round "2"]
[White "Mudriievskyi, Jan"]
[Black "Chanishvili, Noa"]
[Result "1-0"]
[Termination "normal"]
[Board "10"]
[WhiteElo "1672"]
[BlackElo "1106"]
[WhiteClock "00:32:43"]
[BlackClock "00:47:05"]
[PlyCount "83"]
[WhiteFideId "34676473"]
[BlackFideId "34698264"]
[EventCountry "GER"]
[EventRounds "7"]
[EventType "swiss"]
[EventDate "2024.05.21"]

1. e4 {[%clk 01:00:28]} {[%emt 00:00:01]} d5 {[%clk 01:00:20]} {[%emt
00:00:11]} 2. exd5 {[%clk 01:00:34]} {[%emt 00:00:09]} Qxd5 {[%clk 01:00:24]}
{[%emt 00:00:11]} 3. Nc3 {[%clk 01:00:42]} {[%emt 00:00:07]} Qa5 {[%clk
01:00:23]} {[%emt 00:00:16]} 4. d4 {[%clk 01:00:45]} {[%emt 00:00:12]} c6
{[%clk 01:00:31]} {[%emt 00:00:08]} 5. Bc4 {[%clk 01:00:50]} {[%emt 00:00:09]}
Nf6 {[%clk 01:00:15]} {[%emt 00:00:31]} 6. Bd2 {[%clk 01:00:44]} {[%emt
00:00:21]} Qc7 {[%clk 01:00:15]} {[%emt 00:00:16]} 7. Nf3 {[%clk 01:00:46]}
{[%emt 00:00:13]} Bg4 {[%clk 01:00:17]} {[%emt 00:00:13]} 8. O-O {[%clk
00:59:52]} {[%emt 00:01:09]} e6 {[%clk 01:00:20]} {[%emt 00:00:11]} 9. Qe2
{[%clk 00:59:43]} {[%emt 00:00:25]} Bd6 {[%clk 01:00:16]} {[%emt 00:00:19]} 10.
h3 {[%clk 00:59:38]} {[%emt 00:00:20]} Bh5 {[%clk 01:00:21]} {[%emt 00:00:09]}
11. Qe3 {[%clk 00:58:48]} {[%emt 00:01:06]} Nbd7 {[%clk 00:59:56]} {[%emt
00:00:40]} 12. Rfe1 {[%clk 00:58:27]} {[%emt 00:00:35]} O-O {[%clk 00:59:52]}
{[%emt 00:00:18]} 13. Ne5 {[%clk 00:58:23]} {[%emt 00:00:20]} Rad8 {[%clk
00:59:04]} {[%emt 00:01:04]} 14. a4 {[%clk 00:36:50]} {[%emt 00:21:49]} Nb6
{[%clk 00:57:28]} {[%emt 00:01:50]} 15. Bb3 {[%clk 00:36:33]} {[%emt 00:00:32]}
Bxe5 {[%clk 00:55:51]} {[%emt 00:01:51]} 16. dxe5 {[%emt 00:01:17]} Nfd5 {[%clk
00:55:37]} 17. Nxd5 {[%clk 00:35:22]} {[%emt 00:00:53]} Nxd5 {[%clk 00:55:37]}
{[%emt 00:00:14]} 18. Qxa7 {[%clk 00:34:39]} {[%emt 00:00:59]} Nb6 {[%clk
00:54:52]} {[%emt 00:01:00]} 19. Ba5 {[%clk 00:34:26]} {[%emt 00:00:29]} Nc8
{[%clk 00:52:39]} {[%emt 00:02:27]} 20. Bxc7 {[%clk 00:34:19]} {[%emt
00:00:21]} Nxa7 {[%clk 00:52:39]} {[%emt 00:00:16]} 21. Bxd8 {[%clk 00:34:22]}
{[%emt 00:00:12]} Rxd8 {[%clk 00:52:29]} {[%emt 00:00:25]} 22. g4 {[%clk
00:34:21]} {[%emt 00:00:17]} Bg6 {[%clk 00:52:30]} {[%emt 00:00:13]} 23. Rad1
{[%clk 00:34:25]} {[%emt 00:00:11]} Rc8 {[%clk 00:51:38]} {[%emt 00:01:08]} 24.
Rd7 {[%clk 00:34:02]} {[%emt 00:00:38]} Rb8 {[%clk 00:51:30]} {[%emt 00:00:23]}
25. Red1 {[%clk 00:33:39]} {[%emt 00:00:38]} h6 {[%clk 00:50:47]} {[%emt
00:00:58]} 26. Rd8+ {[%clk 00:33:28]} {[%emt 00:00:26]} Rxd8 {[%clk 00:50:52]}
{[%emt 00:00:11]} 27. Rxd8+ {[%clk 00:33:35]} {[%emt 00:00:08]} Kh7 {[%clk
00:50:53]} {[%emt 00:00:13]} 28. Rd7 {[%clk 00:33:30]} {[%emt 00:00:19]} Nc8
{[%clk 00:49:35]} {[%emt 00:01:33]} 29. Rxb7 {[%clk 00:33:26]} {[%emt
00:00:20]} c5 {[%clk 00:48:38]} {[%emt 00:01:11]} 30. Rc7 {[%clk 00:33:21]}
{[%emt 00:00:21]} Nb6 {[%clk 00:48:40]} {[%emt 00:00:13]} 31. Rxc5 {[%clk
00:33:24]} {[%emt 00:00:12]} Nd7 {[%clk 00:48:27]} {[%emt 00:00:28]} 32. Rc7
{[%clk 00:33:21]} {[%emt 00:00:18]} Nxe5 {[%clk 00:48:29]} {[%emt 00:00:12]}
33. a5 {[%clk 00:33:21]} {[%emt 00:00:16]} Nf3+ {[%clk 00:48:17]} {[%emt
00:00:27]} 34. Kg2 {[%clk 00:33:03]} {[%emt 00:00:34]} Be4 {[%clk 00:48:03]}
{[%emt 00:00:29]} 35. Kf1 {[%clk 00:32:55]} {[%emt 00:00:23]} Nd2+ {[%clk
00:48:01]} {[%emt 00:00:17]} 36. Ke2 {[%clk 00:32:49]} {[%emt 00:00:18]} Nf3
{[%clk 00:48:02]} {[%emt 00:00:15]} 37. a6 {[%clk 00:32:50]} {[%emt 00:00:15]}
Nd4+ {[%clk 00:48:05]} {[%emt 00:00:11]} 38. Ke3 {[%clk 00:32:53]} {[%emt
00:00:12]} Nb5 {[%emt 00:00:28]} 39. Rxf7 {[%clk 00:32:42]} {[%emt 00:00:23]}
Bg2 {[%clk 00:47:29]} {[%emt 00:00:41]} 40. f3 {[%clk 00:32:31]} {[%emt
00:00:26]} Bxh3 {[%clk 00:46:57]} {[%emt 00:00:47]} 41. a7 {[%clk 00:32:36]}
{[%emt 00:00:10]} Nxa7 {[%clk 00:47:05]} {[%emt 00:00:07]} 42. Rxa7 {[%clk
00:32:43]} {[%emt 00:00:08]} 1-0

[Event "DEM U8 2024"]
[Site "Willingen GER"]
[Date "2024.05.22"]
[Round "2"]
[White "Rudnizki, Valentin"]
[Black "Graf, Tom"]
[Result "1/2-1/2"]
[Termination "normal"]
[Board "11"]
[WhiteElo "1319"]
[BlackElo "1456"]
[WhiteClock "00:20:57"]
[BlackClock "00:36:16"]
[PlyCount "114"]
[WhiteFideId "34673369"]
[BlackFideId "34622420"]
[EventCountry "GER"]
[EventRounds "7"]
[EventType "swiss"]
[EventDate "2024.05.21"]

1. e4 {[%clk 01:00:22]} {[%emt 00:00:07]} e5 {[%clk 01:00:13]} {[%emt
00:00:17]} 2. Nf3 {[%clk 01:00:28]} {[%emt 00:00:10]} Nc6 {[%clk 01:00:19]}
{[%emt 00:00:09]} 3. Bc4 {[%clk 01:00:15]} {[%emt 00:00:29]} Bc5 {[%clk
01:00:24]} {[%emt 00:00:10]} 4. c3 {[%clk 01:00:08]} {[%emt 00:00:22]} Nf6
{[%clk 01:00:26]} {[%emt 00:00:12]} 5. d4 {[%clk 01:00:10]} {[%emt 00:00:13]}
exd4 {[%emt 00:00:27]} 6. cxd4 {[%clk 00:59:58]} {[%emt 00:00:15]} Bb4+ {[%clk
01:00:31]} {[%emt 00:00:10]} 7. Bd2 {[%clk 01:00:02]} {[%emt 00:00:11]} Bxd2+
{[%clk 01:00:36]} {[%emt 00:00:10]} 8. Nbxd2 {[%clk 00:59:52]} {[%emt
00:00:25]} d5 {[%clk 01:00:39]} {[%emt 00:00:12]} 9. exd5 {[%clk 00:59:50]}
{[%emt 00:00:17]} Nxd5 {[%clk 01:00:38]} {[%emt 00:00:16]} 10. O-O {[%clk
00:59:43]} {[%emt 00:00:21]} O-O {[%clk 01:00:42]} {[%emt 00:00:10]} 11. Re1
{[%clk 00:59:41]} {[%emt 00:00:18]} Nb6 {[%clk 01:00:30]} {[%emt 00:00:26]} 12.
Qb3 {[%clk 00:55:22]} {[%emt 00:04:35]} Na5 {[%clk 00:58:25]} {[%emt 00:02:21]}
13. Qb5 {[%clk 00:54:50]} {[%emt 00:00:47]} Naxc4 {[%clk 00:58:21]} {[%emt
00:00:18]} 14. Nxc4 {[%clk 00:54:53]} {[%emt 00:00:12]} Nxc4 {[%clk 00:58:27]}
{[%emt 00:00:09]} 15. Qxc4 {[%clk 00:54:52]} {[%emt 00:00:16]} Be6 {[%clk
00:58:27]} {[%emt 00:00:15]} 16. Qd3 {[%clk 00:54:31]} {[%emt 00:00:36]} c5
{[%clk 00:58:18]} {[%emt 00:00:23]} 17. Rad1 {[%clk 00:53:18]} {[%emt
00:01:28]} cxd4 {[%clk 00:58:17]} {[%emt 00:00:17]} 18. a3 {[%clk 00:53:06]}
{[%emt 00:00:27]} h6 {[%clk 00:58:00]} {[%emt 00:00:31]} 19. Nxd4 {[%clk
00:52:37]} {[%emt 00:00:43]} Re8 {[%clk 00:57:03]} {[%emt 00:01:11]} 20. Qg3
{[%clk 00:52:10]} {[%emt 00:00:43]} Qb8 {[%clk 00:55:41]} {[%emt 00:01:37]} 21.
Qf3 {[%clk 00:49:51]} {[%emt 00:02:34]} Bd7 {[%clk 00:53:32]} {[%emt 00:02:25]}
22. Ne2 {[%clk 00:48:07]} {[%emt 00:01:58]} Bb5 {[%clk 00:52:59]} {[%emt
00:00:48]} 23. Nf4 {[%clk 00:46:13]} {[%emt 00:02:09]} Rxe1+ {[%clk 00:52:53]}
{[%emt 00:00:21]} 24. Rxe1 {[%clk 00:46:06]} {[%emt 00:00:22]} Bc6 {[%clk
00:52:50]} {[%emt 00:00:17]} 25. Qe3 {[%clk 00:43:31]} {[%emt 00:02:50]} Qc7
{[%clk 00:51:00]} {[%emt 00:02:05]} 26. Qg3 {[%clk 00:40:34]} {[%emt 00:03:12]}
Qa5 {[%clk 00:49:02]} {[%emt 00:02:14]} 27. b4 {[%clk 00:39:49]} {[%emt
00:01:01]} Qc7 {[%clk 00:48:56]} {[%emt 00:00:20]} 28. h3 {[%clk 00:37:04]}
{[%emt 00:03:00]} Re8 {[%clk 00:48:31]} {[%emt 00:00:39]} 29. Rxe8+ {[%clk
00:36:13]} {[%emt 00:01:06]} Bxe8 {[%clk 00:48:39]} {[%emt 00:00:07]} 30. Nh5
{[%clk 00:35:20]} {[%emt 00:01:08]} Qxg3 {[%clk 00:48:16]} {[%emt 00:00:38]}
31. Nxg3 {[%clk 00:35:17]} {[%emt 00:00:17]} g6 {[%clk 00:47:16]} {[%emt
00:01:15]} 32. Kf1 {[%clk 00:35:14]} {[%emt 00:00:18]} Kg7 {[%clk 00:47:15]}
{[%emt 00:00:17]} 33. Ke2 {[%clk 00:34:43]} {[%emt 00:00:45]} Kf6 {[%clk
00:47:05]} {[%emt 00:00:25]} 34. Ne4+ {[%clk 00:33:48]} {[%emt 00:01:11]} Ke5
{[%clk 00:47:02]} {[%emt 00:00:18]} 35. Ke3 {[%clk 00:33:27]} {[%emt 00:00:36]}
g5 {[%clk 00:46:16]} {[%emt 00:01:02]} 36. Nc5 {[%clk 00:31:39]} {[%emt
00:02:03]} Bc6 {[%clk 00:45:58]} {[%emt 00:00:33]} 37. g3 {[%clk 00:31:14]}
{[%emt 00:00:39]} b6 {[%clk 00:45:07]} {[%emt 00:01:07]} 38. Nd3+ {[%clk
00:31:13]} {[%emt 00:00:16]} Kd5 {[%clk 00:44:53]} {[%emt 00:00:28]} 39. Kd2
{[%clk 00:30:20]} {[%emt 00:01:09]} Kd4 {[%clk 00:44:46]} {[%emt 00:00:22]} 40.
f4 {[%clk 00:29:52]} {[%emt 00:00:42]} gxf4 {[%clk 00:44:44]} {[%emt 00:00:17]}
41. Nxf4 {[%clk 00:29:38]} {[%emt 00:00:29]} Ke4 {[%clk 00:44:05]} {[%emt
00:00:54]} 42. Ke2 {[%clk 00:29:21]} {[%emt 00:00:32]} Bb5+ {[%clk 00:44:12]}
{[%emt 00:00:08]} 43. Kf2 {[%clk 00:29:18]} {[%emt 00:00:18]} Kd4 {[%clk
00:43:42]} {[%emt 00:00:44]} 44. Kf3 {[%clk 00:27:01]} {[%emt 00:02:33]} Kc4
{[%clk 00:43:27]} {[%emt 00:00:30]} 45. Ke3 {[%clk 00:26:25]} {[%emt 00:00:51]}
Kb3 {[%clk 00:43:29]} {[%emt 00:00:13]} 46. Kd4 {[%clk 00:25:55]} {[%emt
00:00:45]} Kxa3 {[%clk 00:43:30]} {[%emt 00:00:13]} 47. Kc3 {[%clk 00:25:18]}
{[%emt 00:00:53]} a5 {[%clk 00:38:49]} {[%emt 00:04:57]} 48. bxa5 {[%clk
00:24:33]} {[%emt 00:00:59]} bxa5 {[%clk 00:38:52]} {[%emt 00:00:12]} 49. Nd5
{[%clk 00:23:56]} {[%emt 00:00:51]} Bd7 {[%clk 00:37:17]} {[%emt 00:01:50]} 50.
h4 {[%clk 00:23:28]} {[%emt 00:00:43]} Bf5 {[%clk 00:37:03]} {[%emt 00:00:29]}
51. Ne3 {[%clk 00:22:31]} {[%emt 00:01:12]} Bg6 {[%clk 00:36:51]} {[%emt
00:00:26]} 52. g4 {[%clk 00:22:01]} {[%emt 00:00:45]} h5 {[%clk 00:36:59]}
{[%emt 00:00:08]} 53. gxh5 {[%clk 00:21:56]} {[%emt 00:00:20]} Bxh5 {[%clk
00:37:04]} {[%emt 00:00:10]} 54. Ng2 {[%clk 00:21:17]} {[%emt 00:00:54]} f5
{[%clk 00:36:08]} {[%emt 00:01:11]} 55. Nf4 {[%clk 00:21:08]} {[%emt 00:00:24]}
Bg4 {[%clk 00:36:12]} {[%emt 00:00:10]} 56. h5 {[%clk 00:20:53]} {[%emt
00:00:30]} Bxh5 {[%clk 00:36:09]} {[%emt 00:00:19]} 57. Nxh5 {[%clk 00:20:57]}
{[%emt 00:00:11]} Ka4 {[%clk 00:36:16]} {[%emt 00:00:09]} 1/2-1/2

[Event "DEM U8 2024"]
[Site "Willingen GER"]
[Date "2024.05.22"]
[Round "2"]
[White "Shtogrin, Joseph Stephan"]
[Black "Weis, Robert"]
[Result "0-1"]
[Termination "normal"]
[Board "12"]
[WhiteElo "1251"]
[BlackElo "1082"]
[WhiteClock "00:35:24"]
[BlackClock "00:43:02"]
[PlyCount "96"]
[WhiteFideId "34666087"]
[BlackFideId "1362810"]
[EventCountry "GER"]
[EventRounds "7"]
[EventType "swiss"]
[EventDate "2024.05.21"]

1. d4 {[%emt 00:00:02]} d5 {[%clk 01:00:18]} {[%emt 00:00:10]} 2. Bf4 {[%clk
01:00:40]} {[%emt 00:00:05]} c5 {[%clk 01:00:21]} {[%emt 00:00:11]} 3. e3
{[%clk 01:00:50]} {[%emt 00:00:05]} Nc6 {[%clk 01:00:29]} {[%emt 00:00:07]} 4.
c3 {[%clk 01:00:55]} {[%emt 00:00:09]} Nf6 {[%clk 01:00:37]} {[%emt 00:00:07]}
5. Nf3 {[%clk 01:01:03]} {[%emt 00:00:07]} Bg4 {[%clk 01:00:45]} {[%emt
00:00:08]} 6. Be2 {[%clk 01:00:58]} {[%emt 00:00:19]} e6 {[%clk 01:00:49]}
{[%emt 00:00:11]} 7. O-O {[%clk 01:01:08]} {[%emt 00:00:06]} cxd4 {[%clk
01:00:42]} {[%emt 00:00:22]} 8. cxd4 {[%clk 01:01:07]} {[%emt 00:00:16]} Be7
{[%clk 01:00:46]} {[%emt 00:00:10]} 9. Ne5 {[%clk 01:01:04]} {[%emt 00:00:18]}
Bxe2 {[%clk 01:00:10]} {[%emt 00:00:52]} 10. Qxe2 {[%clk 01:00:51]} {[%emt
00:00:27]} O-O {[%clk 01:00:13]} {[%emt 00:00:12]} 11. Nxc6 {[%clk 01:00:38]}
{[%emt 00:00:27]} bxc6 {[%clk 01:00:04]} {[%emt 00:00:23]} 12. Nd2 {[%clk
01:00:36]} {[%emt 00:00:17]} Qb6 {[%clk 00:59:21]} {[%emt 00:00:59]} 13. Nf3
{[%clk 01:00:36]} {[%emt 00:00:15]} Ne4 {[%clk 00:58:59]} {[%emt 00:00:37]} 14.
Ne5 {[%clk 01:00:12]} {[%emt 00:00:38]} Rad8 {[%clk 00:58:19]} {[%emt
00:00:54]} 15. Rac1 {[%clk 00:59:37]} {[%emt 00:00:48]} c5 {[%clk 00:57:42]}
{[%emt 00:00:53]} 16. f3 {[%clk 00:59:22]} {[%emt 00:00:31]} Nf6 {[%clk
00:57:26]} {[%emt 00:00:32]} 17. Nd3 {[%clk 00:59:07]} {[%emt 00:00:29]} cxd4
{[%clk 00:56:48]} {[%emt 00:00:54]} 18. Bc7 {[%clk 00:59:04]} {[%emt 00:00:19]}
Qa6 {[%clk 00:55:53]} {[%emt 00:01:10]} 19. Bxd8 {[%clk 00:59:01]} {[%emt
00:00:17]} Rxd8 {[%clk 00:55:54]} {[%emt 00:00:14]} 20. Rc7 {[%clk 00:58:02]}
{[%emt 00:01:12]} Bd6 {[%clk 00:55:39]} {[%emt 00:00:32]} 21. Rxf7 {[%clk
00:57:47]} {[%emt 00:00:31]} Qxa2 {[%clk 00:55:14]} {[%emt 00:00:39]} 22. Rb7
{[%clk 00:57:21]} {[%emt 00:00:41]} dxe3 {[%clk 00:54:53]} {[%emt 00:00:37]}
23. Qxe3 {[%clk 00:56:57]} {[%emt 00:00:38]} d4 {[%clk 00:54:55]} {[%emt
00:00:13]} 24. Qe2 {[%clk 00:56:03]} {[%emt 00:01:07]} Rf8 {[%clk 00:53:10]}
{[%emt 00:02:02]} 25. Re1 {[%clk 00:54:23]} {[%emt 00:01:53]} Re8 {[%clk
00:51:43]} {[%emt 00:01:43]} 26. Nc1 {[%clk 00:52:55]} {[%emt 00:01:41]} Qd5
{[%clk 00:50:35]} {[%emt 00:01:26]} 27. Rb5 {[%clk 00:51:29]} {[%emt 00:01:40]}
Qc6 {[%clk 00:49:20]} {[%emt 00:01:31]} 28. Rb3 {[%clk 00:50:25]} {[%emt
00:01:16]} Bc5 {[%clk 00:48:52]} {[%emt 00:00:46]} 29. Kh1 {[%clk 00:49:59]}
{[%emt 00:00:39]} Nd5 {[%clk 00:47:48]} {[%emt 00:01:20]} 30. Qb5 {[%clk
00:49:36]} {[%emt 00:00:37]} Qc8 {[%clk 00:46:53]} {[%emt 00:01:09]} 31. Qb7
{[%clk 00:48:05]} {[%emt 00:01:47]} Qxb7 {[%clk 00:45:43]} {[%emt 00:01:26]}
32. Rxb7 {[%clk 00:47:57]} {[%emt 00:00:23]} Rc8 {[%clk 00:45:48]} {[%emt
00:00:08]} 33. Rxe6 {[%clk 00:44:14]} {[%emt 00:04:00]} Bb4 {[%clk 00:45:19]}
{[%emt 00:00:44]} 34. Nd3 {[%emt 00:02:17]} Nf4 {[%clk 00:44:21]} {[%emt
00:00:16]} 35. Ne1 {[%clk 00:37:55]} {[%emt 00:05:27]} Nxe6 {[%clk 00:43:24]}
{[%emt 00:00:10]} 36. Rxb4 {[%clk 00:38:10]} Rc1 {[%clk 00:43:18]} {[%emt
00:01:25]} 37. Kg1 {[%clk 00:37:24]} {[%emt 00:01:01]} Rxe1+ {[%clk 00:43:23]}
{[%emt 00:00:10]} 38. Kf2 {[%clk 00:37:09]} {[%emt 00:00:30]} Ra1 {[%clk
00:43:07]} {[%emt 00:00:32]} 39. Rb8+ {[%clk 00:36:51]} {[%emt 00:00:32]} Kf7
{[%clk 00:43:11]} {[%emt 00:00:12]} 40. Kg3 {[%clk 00:36:47]} {[%emt 00:00:19]}
d3 {[%clk 00:43:11]} {[%emt 00:00:15]} 41. Kg4 {[%clk 00:36:18]} {[%emt
00:00:44]} d2 {[%clk 00:43:08]} {[%emt 00:00:20]} 42. Kf5 {[%clk 00:36:19]}
{[%emt 00:00:13]} d1=Q {[%clk 00:43:04]} {[%emt 00:00:18]} 43. Rb7+ {[%clk
00:36:26]} {[%emt 00:00:09]} Kg8 {[%clk 00:43:00]} {[%emt 00:00:19]} 44. Kxe6
{[%clk 00:36:15]} {[%emt 00:00:25]} Ra6+ {[%clk 00:42:57]} {[%emt 00:00:19]}
45. Ke7 {[%clk 00:36:05]} {[%emt 00:00:24]} Qd6+ {[%clk 00:43:02]} {[%emt
00:00:10]} 46. Ke8 {[%clk 00:35:35]} {[%emt 00:00:44]} Qf8+ {[%clk 00:42:45]}
{[%emt 00:00:32]} 47. Kd7 {[%clk 00:35:33]} {[%emt 00:00:17]} Rd6+ {[%clk
00:42:53]} {[%emt 00:00:08]} 48. Kc7 {[%clk 00:35:24]} {[%emt 00:00:23]} Qd8#
{[%clk 00:43:02]} {[%emt 00:00:07]} 0-1

[Event "DEM U8 2024"]
[Site "Willingen GER"]
[Date "2024.05.22"]
[Round "2"]
[White "Schimming, Wilhelm"]
[Black "Blum-Barth, Elias"]
[Result "1/2-1/2"]
[Termination "normal"]
[Board "13"]
[WhiteElo "1242"]
[BlackElo "1093"]
[WhiteClock "00:30:57"]
[BlackClock "00:24:17"]
[PlyCount "74"]
[WhiteFideId "34662030"]
[EventCountry "GER"]
[EventRounds "7"]
[EventType "swiss"]
[EventDate "2024.05.21"]

1. e4 {[%clk 01:00:27]} {[%emt 00:00:03]} d6 {[%clk 01:00:27]} {[%emt
00:00:04]} 2. d4 {[%clk 01:00:29]} {[%emt 00:00:13]} Nf6 {[%clk 01:00:35]}
{[%emt 00:00:06]} 3. Nc3 {[%clk 01:00:32]} {[%emt 00:00:12]} g6 {[%clk
01:00:43]} {[%emt 00:00:06]} 4. Nf3 {[%clk 01:00:39]} {[%emt 00:00:08]} Bg7
{[%clk 01:00:47]} {[%emt 00:00:11]} 5. Bf4 {[%clk 01:00:47]} {[%emt 00:00:08]}
c6 {[%clk 01:00:46]} {[%emt 00:00:16]} 6. Be2 {[%clk 01:00:54]} {[%emt
00:00:08]} Nbd7 {[%clk 01:00:02]} {[%emt 00:00:59]} 7. O-O {[%clk 01:01:04]}
{[%emt 00:00:05]} O-O {[%clk 01:00:01]} {[%emt 00:00:16]} 8. Qd2 {[%clk
01:01:13]} {[%emt 00:00:06]} b5 {[%clk 00:59:12]} {[%emt 00:01:03]} 9. a3
{[%clk 01:01:18]} {[%emt 00:00:11]} a5 {[%clk 00:59:21]} {[%emt 00:00:05]} 10.
b4 {[%clk 01:01:22]} {[%emt 00:00:11]} Nb6 {[%clk 00:57:55]} {[%emt 00:01:40]}
11. Bh6 {[%clk 00:58:25]} {[%emt 00:03:13]} Bd7 {[%clk 00:56:11]} {[%emt
00:01:58]} 12. Bxg7 {[%clk 00:58:31]} {[%emt 00:00:09]} Kxg7 {[%clk 00:56:16]}
{[%emt 00:00:10]} 13. e5 {[%clk 00:58:28]} {[%emt 00:00:19]} Ne8 {[%clk
00:53:18]} {[%emt 00:03:12]} 14. Ne1 {[%clk 00:58:03]} {[%emt 00:00:39]} Nc7
{[%clk 00:52:51]} {[%emt 00:00:42]} 15. f4 {[%clk 00:58:13]} {[%emt 00:00:06]}
h5 {[%clk 00:50:51]} {[%emt 00:02:14]} 16. Ne4 {[%clk 00:57:08]} {[%emt
00:01:21]} Ncd5 {[%clk 00:49:48]} {[%emt 00:01:18]} 17. bxa5 {[%clk 00:56:02]}
{[%emt 00:01:22]} Na4 {[%clk 00:49:10]} {[%emt 00:00:52]} 18. h3 {[%clk
00:55:41]} {[%emt 00:00:37]} Qxa5 {[%clk 00:46:59]} {[%emt 00:02:25]} 19. Qxa5
{[%clk 00:55:35]} {[%emt 00:00:21]} Rxa5 {[%clk 00:46:51]} {[%emt 00:00:23]}
20. exd6 {[%clk 00:55:45]} {[%emt 00:00:05]} exd6 {[%clk 00:46:19]} {[%emt
00:00:47]} 21. Nxd6 {[%clk 00:55:57]} {[%emt 00:00:05]} Nac3 {[%clk 00:45:40]}
{[%emt 00:00:53]} 22. Bd3 {[%clk 00:55:12]} {[%emt 00:01:01]} b4 {[%clk
00:45:03]} {[%emt 00:00:52]} 23. Nc4 {[%clk 00:54:17]} {[%emt 00:01:11]} Ra7
{[%clk 00:44:17]} {[%emt 00:01:00]} 24. Nf3 {[%clk 00:54:19]} {[%emt 00:00:13]}
Rfa8 {[%clk 00:43:47]} {[%emt 00:00:44]} 25. Nfe5 {[%clk 00:54:17]} {[%emt
00:00:18]} Be8 {[%clk 00:43:37]} {[%emt 00:00:24]} 26. Nd6 {[%clk 00:52:48]}
{[%emt 00:01:45]} bxa3 {[%clk 00:39:16]} {[%emt 00:04:36]} 27. Nxe8+ {[%clk
00:52:53]} {[%emt 00:00:10]} Rxe8 {[%clk 00:39:16]} {[%emt 00:00:14]} 28. Nxc6
{[%clk 00:52:59]} {[%emt 00:00:09]} Rc7 {[%clk 00:37:01]} {[%emt 00:02:30]} 29.
Ne5 {[%clk 00:53:01]} {[%emt 00:00:15]} f6 {[%clk 00:36:45]} {[%emt 00:00:31]}
30. Nxg6 {[%clk 00:51:06]} {[%emt 00:02:10]} a2 {[%clk 00:36:05]} {[%emt
00:00:55]} 31. Nh4 {[%clk 00:43:38]} {[%emt 00:07:43]} Rb8 {[%clk 00:35:03]}
{[%emt 00:01:17]} 32. Nf5+ {[%clk 00:37:47]} {[%emt 00:06:06]} Kf8 {[%clk
00:34:32]} {[%emt 00:00:45]} 33. Nd6 {[%clk 00:36:25]} {[%emt 00:01:38]} Ke7
{[%clk 00:32:23]} {[%emt 00:02:24]} 34. Nc4 {[%clk 00:36:29]} {[%emt 00:00:11]}
Rcb7 {[%clk 00:32:08]} {[%emt 00:00:29]} 35. Nd2 {[%clk 00:36:35]} {[%emt
00:00:10]} Nxf4 {[%clk 00:31:09]} {[%emt 00:01:13]} 36. Bc4 {[%clk 00:36:39]}
{[%emt 00:00:12]} Nfe2+ {[%clk 00:28:26]} {[%emt 00:02:57]} 37. Kh2 {[%clk
00:30:57]} {[%emt 00:05:57]} Nxd4 {[%clk 00:24:17]} {[%emt 00:04:24]} 1/2-1/2